[Event "Lille Luce op 4th"]
[Site "Lille"]
[Date "2013.04.14"]
[Round "2"]
[White "Coulon, Guillaume"]
[Black "Cappon, John"]
[Result "1/2-1/2"]
[WhiteElo "2010"]
[BlackElo "2242"]
[PlyCount "42"]
[EventDate "2013.04.13"]
[EventType "swiss"]
[EventRounds "9"]
[EventCountry "FRA"]
[SourceTitle "CBM 154 Extra"]
[Source "ChessBase"]
[SourceDate "2013.06.25"]
[SourceVersion "2"]
[SourceVersionDate "2013.06.25"]
[SourceQuality "1"]

1. e4 e6 2. d4 d5 3. Nd2 c5 4. c3 cxd4 5. cxd4 dxe4 6. Nxe4 Bb4+ 7. Nc3 Nf6 8. Nf3 Nc6 9. Be2 0-0 10. 0-0 b6 11. a3 Be7 12. h3 Bb7 13. Bd3 Nd5 14. Bc4 Na5 15. Bxd5 Bxd5 16. Ne5 Bb7 17. Qg4 f5 18. Qh5 f4 19. Qg4 Rf5 20. Bxf4 h5 21. Qg6 Rf6 1/2-1/2